Флюидные включения в минералах: в 2 т.; пер. с англ.

التفاصيل البيبلوغرافية
المؤلف الرئيسي: Реддер Э. Эдвин
اللغة:الروسية
منشور في: Москва, Мир, 1987
التنسيق: MixedMaterials كتاب
KOHA link:https://koha.lib.tpu.ru/cgi-bin/koha/opac-detail.pl?biblionumber=268046

MARC

LEADER 00000nam1a2200000 4500
001 268046
005 20231031223941.0
035 |a (RuTPU)RU\TPU\book\291173 
090 |a 268046 
100 |a 20140826d1987 k y0rusy50 ca 
101 1 |a rus  |c eng 
102 |a RU 
200 1 |a Флюидные включения в минералах  |e в 2 т.  |e пер. с англ.  |f Э. Реддер 
210 |a Москва  |c Мир  |d 1987 
700 1 |a Реддер  |b Э.  |g Эдвин 
801 1 |a RU  |b 63413507  |c 20140826 
942 |c BK